| 000 -CABECERA |
| Longitud fija campo de control |
00618nam a2200169 a 4500 |
| 001 - NÚMERO DE CONTROL |
| Número de control |
5595 |
| 003 - IDENTIFICADOR DEL NÚMERO DE CONTROL |
| Identificador del número de control |
CDMR |
| 005 - FECHA Y HORA DE LA ÚLTIMA TRANSACCIÓN |
| Fecha y hora de la última transacción |
20131028140710.0 |
| 008 - CÓDIGOS DE INFORMACIÓN DE LONGITUD FIJA |
| Códigos de información de longitud fija |
130130s2006||||||||||||||||||||||||||||d |
| 040 ## - FUENTE DE LA CATALOGACIÓN |
| Centro catalogador de origen |
CDMR |
| Lengua de catalogación |
cat |
| Centro transcriptor |
CPC GIRONA |
| 245 #0 - MENCIÓN DE TÍTULO |
| Título |
Televisió i família |
| Resto del título |
: activitats per a debat |
| 260 ## - PUBLICACIÓN, DISTRIBUCIÓN, ETC. (PIE DE IMPRENTA) |
| Nombre del editor, distribuidor, etc. |
Fòrum d'entitats de persones usuaries de l'Audiovisual |
| Lugar de publicación, distribución, etc. |
Barcelona |
| 260 ## - PUBLICACIÓN, DISTRIBUCIÓN, ETC. (PIE DE IMPRENTA) |
| Fecha de publicación, distribución, etc. |
2006 |
| Nombre del editor, distribuidor, etc. |
Consell de l'Audiovisual de Catalunya |
| 300 ## - DESCRIPCIÓN FÍSICA |
| Extensión |
39 p. |
| Material anejo |
+ 1 DVD |
| 856 40 - LOCALIZACIÓN Y ACCESO ELECTRÓNICO |
| Identificador Uniforme del Recurso (URI) |
<a href="http://www.cac.cat/pfw_files/cma/forum/documents/televisio_i_familia__activitats_debat_definitiu.pdf">http://www.cac.cat/pfw_files/cma/forum/documents/televisio_i_familia__activitats_debat_definitiu.pdf</a> |
| Texto del enlace |
Disponible en línia (PDF) |
| 942 ## - ENTRADA DE ELEMENTOS AGREGADOS (KOHA) |
| Koha [por defecto] tipo de item |
Fullets |
| Fuente de clasificaión o esquema |
|